000 00254nam a22001217a 4500
008 170825b xxu||||| |||| 00| 0 eng d
041 _aeng
080 _a070
100 _a39
101 _aMED
245 _aGLUED TOTHE SET
_cSTARK,S.D
942 _2udc
_cBK
999 _c25029
_d25029